Exención de las cargas sociales del personal extranjero (Registro nro. 18839)

Detalles MARC
000 -LEADER
fixed length control field 00362 a2200121 4500
001 - CONTROL NUMBER
control field ART_41915
005 - DATE AND TIME OF LATEST TRANSACTION
control field 20260410161742.0
008 - FIXED-LENGTH DATA ELEMENTS--GENERAL INFORMATION
fixed length control field 260409a
100 1# - MAIN ENTRY--PERSONAL NAME
Personal name Montiel, Facundo
245 10 - TITLE STATEMENT
Title Exención de las cargas sociales del personal extranjero
700 1# - ADDED ENTRY--PERSONAL NAME
Personal name Gebhardt, Jorge
773 0# - HOST ITEM ENTRY
Title Doctrina laboral
Related parts - Nº 325 (set. 2012)
Record control number REV4049

No hay ítems disponibles.